| 000 | 01738nam a2200229Ia 4500 | ||
|---|---|---|---|
| 999 |
_c55608 _d55608 |
||
| 001 | 22703 | ||
| 003 | GE_BSU | ||
| 005 | 20230424115827.0 | ||
| 008 | 181216s ||||ge |||||||||||||| ||geo|| | ||
| 040 | _cGE_BSU | ||
| 041 | _ageo | ||
| 080 | _a930.25(479.223) ა-84 | ||
| 245 |
_aარქივის კვალდაკვალ-ბათუმი : სპეციალური საარქივო მასალა : _bკრებული / _cპროექტის ხელმძღვ. ომარ თუშურაშვილი ; პროექტის კოორ. : მაია ივანიშვილი, დავით ალავერდაშვილი ; სარედ. ჯგუფი : ნინო ყიფშიძე, ლია კერესელიძე და სხვ... |
||
| 264 |
_a[თბილისი] : _bშინაგან საქმეთა სამინისტროს არქივი, _c2017. |
||
| 300 |
_a340 გვ. : _bილ.; _c25 სმ. _eცხრ. |
||
| 500 | _aწიგნში თავმოყრილია ლავრენტი ბერიას, მალაქია ტოროშელიძის, იბრაიმ ხიმშიაშვილის მანამდე უცნობი წერილები და უნიკალური ფოტო-დოკუმენტური მასალა | ||
| 541 | _h8ლ. | ||
| 653 | _aარქივის კვალდაკვალ-ბათუმი | ||
| 653 | _aსპეციალური საარქივო მასალა | ||
| 653 | _aარქივმცოდნეობა არქივები | ||
| 942 |
_cBK _2udc |
||